LDR 00592naa#a2200169#i#450# 001 EN\\bibl\117731 005 20260516143834.6 011 ## _a1813-4327 100 ## _a20231227b2023####ek#y0engy0150####ca 102 ## _aRU 200 1# _aLATENT TRACOLOGICAL TRACES FORMED BY BLOOD ARE A SIGNIFICANT SOURCE OF FORENSIC INFORMATION _eJournal article 210 1# _aVolgograd _cVolgograd Academy of the Ministry of Internal Affairs of Russia _d2023 215 ## _a16 с. 608 ## _aJournal article _2local 675 ## _aТрассология. 343.982.35 _z 700 #1 _aZakharov _gIlya Pavlovich 856 4# _ava-mvd.editorum.ru _u